Hranovnica sa konečne dočkala, zdolala Podolínec druhé podtatranské derby pre Plavnicu, Štrba sa trápila s koncovkou

Podrobná bibliografia
Hlavný autor: Hudeček, Richard (Autor, Fotograf)
Médium: Článok
Jazyk:slovenčina
Fyzický popis:Fotogr.
ISSN:1335-7573
Predmet:

MARC

LEADER 00000nab a2200000 ar4500
001 vtls008993565
003 SK-MaSNL
005 20260305033453.0
008 171110c20070523xo dr|n|||||||000 b|slo
015 |a SLLK2007  |2 sllk 
038 |a SLLK 
040 |a SLLK  |b slo  |c sllk  |e AACR2 
041 0 |a slo 
044 |a xo  |c SK 
080 |a 796.332  |2 1997 
245 0 0 |a Hranovnica sa konečne dočkala, zdolala Podolínec  |b druhé podtatranské derby pre Plavnicu, Štrba sa trápila s koncovkou  |c [autor] (riso), (mdc) ; foto: Richard Hudeček 
300 |b Fotogr. 
610 2 7 |a FK Plavnica  |2 snkbucl  |9 1060120 
610 2 7 |a FK Podolínec  |2 snkbucl  |9 1064461 
648 7 |a 2007  |2 snkbucl  |9 313226 
650 0 7 |a šport  |2 snkbucl  |9 1042 
650 0 7 |a futbal  |x 5. liga  |y sezóna 2006/2007  |2 snkbucl  |9 1064462 
651 7 |a Plavnica (Slovensko)  |2 snkbucl  |9 29162 
651 7 |a Podolínec (Slovensko)  |2 snkbucl  |9 19195 
651 7 |a Stará Ľubovňa (Slovensko : okres)  |2 snkbucl  |9 19196 
700 1 |a Hudeček, Richard  |4 pht  |4 aut  |9 1022422 
773 0 |t Tatranský denník Korzár  |g Roč. IX, č. 117 (23. 5.2007) s. 12  |x 1335-7573 
852 |a SLLK  |b KIS3GCP 
999 |c 3324442  |d 3326372